Agricultural insurance : the Nigerian initiative, experience and prospect

Furkejuvvon:
Bibliográfalaš dieđut
Váldodahkki: ADEYEFA, F. K. A.
Materiálatiipa: Girji
Giella:eaŋgalasgiella
Almmustuhtton: Multiprint Concept 2013
Fáddágilkorat: Lasit fáddágilkoriid
Eai fáddágilkorat, Lasit vuosttaš fáddágilkora!

MARC

LEADER 00000nam a22000007a 4500
008 210727b ||||| |||| 00| 0 eng d
020 |a 979789333387 
100 |a ADEYEFA, F. K. A. 
245 |a Agricultural insurance  |b : the Nigerian initiative, experience and prospect  |c F. KK. A. Adeyefa  |g xx, 205p.: ill. 
260 |b Multiprint Concept  |c 2013  |h Ibadan  |i 695964  |i 695965  |i 695966  |i 695967  |i 695968  |i 695969  |i 695970  |i 695971  |i 695972  |i 695973  |i 695974  |i 695975  |i 695976  |i 695977  |i 695978  |i 695979  |i 695980  |i 695981  |i 695982  |i 695983  |i 695984  |i 695985  |i 695986  |i 695987  |i 695988  |i 695989  |i 695990  |i 695991  |i 695992  |i 695993  |i 695994  |i 695995  |i 695996  |i 695997  |i 695998  |i 695999  |i 696001  |i 696002  |i 696003  |i 696004  |i 696005  |i 696006  |i 696007  |i 696008  |i 696009  |i 696010  |i 696011  |i 696012  |i 696013  |l HG9969.N6Ad3  |m Agricultural insurance Nigeria  |m Agricultural Economic aspects--Nigeria 
500 |a It includes bibliography 
942 |a lcc  |c BK  |e Kuteyi, M.A  |f 27/7/2021 
952 |0 0  |1 0  |2 lcc  |4 0  |6 HG9969 N6 A D3  |7 0  |9 2841  |a HOL  |b AG  |c GJ  |d 2021-07-27  |l 0  |o HG9969.N6Ad3  |p 2021-66503  |r 2021-07-27 00:00:00  |w 2021-07-27  |y BK 
952 |0 0  |1 0  |2 lcc  |4 0  |6 HG9969 N6 A D3  |7 0  |9 2842  |a HOL  |b AG  |c GJ  |d 2021-07-27  |l 0  |o HG9969.N6Ad3  |p 2021-66504  |r 2021-07-27 00:00:00  |w 2021-07-27  |y BK 
952 |0 0  |1 0  |2 lcc  |4 0  |6 HG9969 N6 A D3  |7 0  |9 2843  |a HOL  |b AG  |c GJ  |d 2021-07-27  |l 0  |o HG9969.N6Ad3  |p 2021-66505  |r 2021-07-27 00:00:00  |w 2021-07-27  |y BK 
952 |0 0  |1 0  |2 lcc  |4 0  |6 HG9969 N6 A D3  |7 0  |9 2844  |a HOL  |b AG  |c GJ  |d 2021-07-27  |l 0  |o HG9969.N6Ad3  |p 2021-66506  |r 2021-07-27 00:00:00  |w 2021-07-27  |y BK 
952 |0 0  |1 0  |2 lcc  |4 0  |6 HG9969 N6 A D3  |7 0  |9 2845  |a HOL  |b AG  |c GJ  |d 2021-07-27  |l 0  |o HG9969.N6Ad3  |p 2021-66507  |r 2021-07-27 00:00:00  |w 2021-07-27  |y BK 
952 |0 0  |1 0  |2 lcc  |4 0  |6 HG9969 N6 A D3  |7 0  |9 2846  |a HOL  |b AG  |c GJ  |d 2021-07-27  |l 0  |o HG9969.N6Ad3  |p 2021-66508  |r 2021-07-27 00:00:00  |w 2021-07-27  |y BK 
952 |0 0  |1 0  |2 lcc  |4 0  |6 HG9969 N6 A D3  |7 0  |9 2847  |a HOL  |b AG  |c GJ  |d 2021-07-27  |l 0  |o HG9969.N6Ad3  |p 2021-66509  |r 2021-07-27 00:00:00  |w 2021-07-27  |y BK 
952 |0 0  |1 0  |2 lcc  |4 0  |6 HG9969 N6 A D3  |7 0  |9 2848  |a HOL  |b AG  |c GJ  |d 2021-07-27  |l 0  |o HG9969.N6Ad3  |p 2021-66510  |r 2021-07-27 00:00:00  |w 2021-07-27  |y BK 
952 |0 0  |1 0  |2 lcc  |4 0  |6 HG9969 N6 A D3  |7 0  |9 2849  |a HOL  |b AG  |c GJ  |d 2021-07-27  |l 0  |o HG9969.N6Ad3  |p 2021-66511  |r 2021-07-27 00:00:00  |w 2021-07-27  |y BK 
952 |0 0  |1 0  |2 lcc  |4 0  |6 HG9969 N6 A D3  |7 0  |9 2850  |a HOL  |b AG  |c GJ  |d 2021-07-27  |l 0  |o HG9969.N6Ad3  |p 2021-66512  |r 2021-07-27 00:00:00  |w 2021-07-27  |y BK 
952 |0 0  |1 0  |2 lcc  |4 0  |6 HG9969 N6 A D3  |7 0  |9 2851  |a HOL  |b AG  |c GJ  |d 2021-07-27  |l 0  |o HG9969.N6Ad3  |p 2021-66513  |r 2021-07-27 00:00:00  |w 2021-07-27  |y BK 
952 |0 0  |1 0  |2 lcc  |4 0  |6 HG9969 N6 A D3  |7 0  |9 2852  |a HOL  |b AG  |c GJ  |d 2021-07-27  |l 0  |o HG9969.N6Ad3  |p 2021-66514  |r 2021-07-27 00:00:00  |w 2021-07-27  |y BK 
952 |0 0  |1 0  |2 lcc  |4 0  |6 HG9969 N6 A D3  |7 0  |9 2853  |a HOL  |b AG  |c GJ  |d 2021-07-27  |l 0  |o HG9969.N6Ad3  |p 2021-66515  |r 2021-07-27 00:00:00  |w 2021-07-27  |y BK 
952 |0 0  |1 0  |2 lcc  |4 0  |6 HG9969 N6 A D3  |7 0  |9 2854  |a HOL  |b AG  |c GJ  |d 2021-07-27  |l 0  |o HG9969.N6Ad3  |p 2021-66516  |r 2021-07-27 00:00:00  |w 2021-07-27  |y BK 
952 |0 0  |1 0  |2 lcc  |4 0  |6 HG9969 N6 A D3  |7 0  |9 2855  |a HOL  |b AG  |c GJ  |d 2021-07-27  |l 0  |o HG9969.N6Ad3  |p 2021-66517  |r 2021-07-27 00:00:00  |w 2021-07-27  |y BK 
952 |0 0  |1 0  |2 lcc  |4 0  |6 HG9969 N6 A D3  |7 0  |9 2856  |a HOL  |b AG  |c GJ  |d 2021-07-27  |l 0  |o HG9969.N6Ad3  |p 2021-66518  |r 2021-07-27 00:00:00  |w 2021-07-27  |y BK 
952 |0 0  |1 0  |2 lcc  |4 0  |6 HG9969 N6 A D3  |7 0  |9 2857  |a HOL  |b AG  |c GJ  |d 2021-07-27  |l 0  |o HG9969.N6Ad3  |p 2021-66519  |r 2021-07-27 00:00:00  |w 2021-07-27  |y BK 
952 |0 0  |1 0  |2 lcc  |4 0  |6 HG9969 N6 A D3  |7 0  |9 2858  |a HOL  |b AG  |c GJ  |d 2021-07-27  |l 0  |o HG9969.N6Ad3  |p 2021-66520  |r 2021-07-27 00:00:00  |w 2021-07-27  |y BK 
952 |0 0  |1 0  |2 lcc  |4 0  |6 HG9969 N6 A D3  |7 0  |9 2859  |a HOL  |b AG  |c GJ  |d 2021-07-27  |l 0  |o HG9969.N6Ad3  |p 2021-66521  |r 2021-07-27 00:00:00  |w 2021-07-27  |y BK 
952 |0 0  |1 0  |2 lcc  |4 0  |6 HG9969 N6 A D3  |7 0  |9 2860  |a HOL  |b AG  |c GJ  |d 2021-07-27  |l 0  |o HG9969.N6Ad3  |p 2021-66522  |r 2021-07-27 00:00:00  |w 2021-07-27  |y BK 
952 |0 0  |1 0  |2 lcc  |4 0  |6 HG9969 N6 A D3  |7 0  |9 2861  |a HOL  |b HOL  |c GJ  |d 2021-07-27  |l 0  |o HG9969.N6Ad3  |p 2021-66523  |r 2021-07-27 00:00:00  |w 2021-07-27  |y BK 
952 |0 0  |1 0  |2 lcc  |4 0  |6 HG9969 N6 A D3  |7 0  |9 2862  |a HOL  |b HOL  |c GJ  |d 2021-07-27  |l 0  |o HG9969.N6Ad3  |p 2021-66524  |r 2021-07-27 00:00:00  |w 2021-07-27  |y BK 
952 |0 0  |1 0  |2 lcc  |4 0  |6 HG9969 N6 A D3  |7 0  |9 2863  |a HOL  |b HOL  |c GJ  |d 2021-07-27  |l 0  |o HG9969.N6Ad3  |p 2021-66525  |r 2021-07-27 00:00:00  |w 2021-07-27  |y BK 
952 |0 0  |1 0  |2 lcc  |4 0  |6 HG9969 N6 A D3  |7 0  |9 2864  |a HOL  |b HOL  |c GJ  |d 2021-07-27  |l 0  |o HG9969.N6Ad3  |p 2021-66526  |r 2021-07-27 00:00:00  |w 2021-07-27  |y BK 
952 |0 0  |1 0  |2 lcc  |4 0  |6 HG9969 N6 A D3  |7 0  |9 2865  |a HOL  |b HOL  |c GJ  |d 2021-07-27  |l 0  |o HG9969.N6Ad3  |p 2021-66527  |r 2021-07-27 00:00:00  |w 2021-07-27  |y BK 
952 |0 0  |1 0  |2 lcc  |4 0  |6 HG9969 N6 A D3  |7 0  |9 2866  |a HOL  |b HOL  |c GJ  |d 2021-07-27  |l 0  |o HG9969.N6Ad3  |p 2021-66528  |r 2021-07-27 00:00:00  |w 2021-07-27  |y BK 
952 |0 0  |1 0  |2 lcc  |4 0  |6 HG9969 N6 A D3  |7 0  |9 2867  |a HOL  |b HOL  |c GJ  |d 2021-07-27  |l 0  |o HG9969.N6Ad3  |p 2021-66529  |r 2021-07-27 00:00:00  |w 2021-07-27  |y BK 
952 |0 0  |1 0  |2 lcc  |4 0  |6 HG9969 N6 A D3  |7 0  |9 2868  |a HOL  |b HOL  |c GJ  |d 2021-07-27  |l 0  |o HG9969.N6Ad3  |p 2021-66530  |r 2021-07-27 00:00:00  |w 2021-07-27  |y BK 
952 |0 0  |1 0  |2 lcc  |4 0  |6 HG9969 N6 A D3  |7 0  |9 2869  |a HOL  |b HOL  |c GJ  |d 2021-07-27  |l 0  |o HG9969.N6Ad3  |p 2021-66531  |r 2021-07-27 00:00:00  |w 2021-07-27  |y BK 
952 |0 0  |1 0  |2 lcc  |4 0  |6 HG9969 N6 A D3  |7 0  |9 2870  |a HOL  |b HOL  |c GJ  |d 2021-07-27  |l 0  |o HG9969.N6Ad3  |p 2021-66532  |r 2021-07-27 00:00:00  |w 2021-07-27  |y BK 
952 |0 0  |1 0  |2 lcc  |4 0  |6 HG9969 N6 A D3  |7 0  |9 2871  |a HOL  |b HOL  |c GJ  |d 2021-07-27  |l 0  |o HG9969.N6Ad3  |p 2021-66533  |r 2021-07-27 00:00:00  |w 2021-07-27  |y BK 
952 |0 0  |1 0  |2 lcc  |4 0  |6 HG9969 N6 A D3  |7 0  |9 2872  |a HOL  |b HOL  |c GJ  |d 2021-07-27  |l 0  |o HG9969.N6Ad3  |p 2021-66534  |r 2021-07-27 00:00:00  |w 2021-07-27  |y BK 
952 |0 0  |1 0  |2 lcc  |4 0  |6 HG9969 N6 A D3  |7 0  |9 2873  |a HOL  |b HOL  |c GJ  |d 2021-07-27  |l 0  |o HG9969.N6Ad3  |p 2021-66535  |r 2021-07-27 00:00:00  |w 2021-07-27  |y BK 
952 |0 0  |1 0  |2 lcc  |4 0  |6 HG9969 N6 A D3  |7 0  |9 2874  |a HOL  |b HOL  |c GJ  |d 2021-07-27  |l 0  |o HG9969.N6Ad3  |p 2021-66536  |r 2021-07-27 00:00:00  |w 2021-07-27  |y BK 
952 |0 0  |1 0  |2 lcc  |4 0  |6 HG9969 N6 A D3  |7 0  |9 2875  |a HOL  |b HOL  |c GJ  |d 2021-07-27  |l 0  |o HG9969.N6Ad3  |p 2021-66537  |r 2021-07-27 00:00:00  |w 2021-07-27  |y BK 
952 |0 0  |1 0  |2 lcc  |4 0  |6 HG9969 N6 A D3  |7 0  |9 2876  |a HOL  |b HOL  |c GJ  |d 2021-07-27  |l 0  |o HG9969.N6Ad3  |p 2021-66538  |r 2021-07-27 00:00:00  |w 2021-07-27  |y BK 
952 |0 0  |1 0  |2 lcc  |4 0  |6 HG9969 N6 A D3  |7 0  |9 2877  |a HOL  |b HOL  |c GJ  |d 2021-07-27  |l 0  |o HG9969.N6Ad3  |p 2021-66539  |r 2021-07-27 00:00:00  |w 2021-07-27  |y BK 
952 |0 0  |1 0  |2 lcc  |4 0  |6 HG9969 N6 A D3  |7 0  |9 2878  |a HOL  |b HOL  |c GJ  |d 2021-07-27  |l 0  |o HG9969.N6Ad3  |p 2021-66540  |r 2021-07-27 00:00:00  |w 2021-07-27  |y BK 
952 |0 0  |1 0  |2 lcc  |4 0  |6 HG9969 N6 A D3  |7 0  |9 2879  |a HOL  |b HOL  |c GJ  |d 2021-07-27  |l 0  |o HG9969.N6Ad3  |p 2021-66541  |r 2021-07-27 00:00:00  |w 2021-07-27  |y BK 
952 |0 0  |1 0  |2 lcc  |4 0  |6 HG9969 N6 A D3  |7 0  |9 2880  |a HOL  |b HOL  |c GJ  |d 2021-07-27  |l 0  |o HG9969.N6Ad3  |p 2021-66542  |r 2021-07-27 00:00:00  |w 2021-07-27  |y BK 
952 |0 0  |1 0  |2 lcc  |4 0  |6 HG9969 N6 A D3  |7 0  |9 2881  |a HOL  |b HOL  |c GJ  |d 2021-07-27  |l 0  |o HG9969.N6Ad3  |p 2021-66543  |r 2021-07-27 00:00:00  |w 2021-07-27  |y BK 
952 |0 0  |1 0  |2 lcc  |4 0  |6 HG9969 N6 A D3  |7 0  |9 2882  |a HOL  |b HOL  |c GJ  |d 2021-07-27  |l 0  |o HG9969.N6Ad3  |p 2021-66544  |r 2021-07-27 00:00:00  |w 2021-07-27  |y BK 
952 |0 0  |1 0  |2 lcc  |4 0  |6 HG9969 N6 A D3  |7 0  |9 2883  |a HOL  |b HOL  |c GJ  |d 2021-07-27  |l 0  |o HG9969.N6Ad3  |p 2021-66545  |r 2021-07-27 00:00:00  |w 2021-07-27  |y BK 
952 |0 0  |1 0  |2 lcc  |4 0  |6 HG9969 N6 A D3  |7 0  |9 2884  |a HOL  |b HOL  |c GJ  |d 2021-07-27  |l 0  |o HG9969.N6Ad3  |p 2021-66546  |r 2021-07-27 00:00:00  |w 2021-07-27  |y BK 
952 |0 0  |1 0  |2 lcc  |4 0  |6 HG9969 N6 A D3  |7 0  |9 2885  |a HOL  |b HOL  |c GJ  |d 2021-07-27  |l 0  |o HG9969.N6Ad3  |p 2021-66547  |r 2021-07-27 00:00:00  |w 2021-07-27  |y BK 
952 |0 0  |1 0  |2 lcc  |4 0  |6 HG9969 N6 A D3  |7 0  |9 2886  |a HOL  |b HOL  |c GJ  |d 2021-07-27  |l 0  |o HG9969.N6Ad3  |p 2021-66548  |r 2021-07-27 00:00:00  |w 2021-07-27  |y BK 
952 |0 0  |1 0  |2 lcc  |4 0  |6 HG9969 N6 A D3  |7 0  |9 2887  |a HOL  |b HOL  |c GJ  |d 2021-07-27  |l 0  |o HG9969.N6Ad3  |p 2021-66549  |r 2021-07-27 00:00:00  |w 2021-07-27  |y BK 
952 |0 0  |1 0  |2 lcc  |4 0  |6 HG9969 N6 A D3  |7 0  |9 2888  |a HOL  |b HOL  |c GJ  |d 2021-07-27  |l 0  |o HG9969.N6Ad3  |p 2021-66550  |r 2021-07-27 00:00:00  |w 2021-07-27  |y BK 
952 |0 0  |1 0  |2 lcc  |4 0  |6 HG9969 N6 A D3  |7 0  |9 2889  |a HOL  |b HOL  |c GJ  |d 2021-07-27  |l 0  |o HG9969.N6Ad3  |p 2021-66551  |r 2021-07-27 00:00:00  |w 2021-07-27  |y BK 
952 |0 0  |1 0  |2 lcc  |4 0  |6 HG9969 N6 A D3  |7 0  |9 2890  |a HOL  |b HOL  |c GJ  |d 2021-07-27  |l 0  |o HG9969.N6Ad3  |p 2021-66552  |r 2021-07-27 00:00:00  |w 2021-07-27  |y BK 
999 |c 1474  |d 1474